Major movement in Central Europe

Operátor Cinema City International a jeho prienik na trhy krajín strednej Európy - Maďarsko, Česká republika, Slovensko, Poľsko, Bulharsko, Rumunsko. Situácia reťazca Cinema City na Slovensku.

Gespeichert in:
Bibliographische Detailangaben
1. Verfasser: Mišún, Juraj, 1978-
Format: Buchkapitel
Sprache:Englisch
Schlagworte:
Tags: Tag hinzufügen
Keine Tags, Fügen Sie das erste Tag hinzu!

MARC

LEADER 00000nla$a2200000$$$4500
001 0125607
005 20250707085417.0
041 0 |a eng 
044 |a US 
245 1 0 |a Major movement in Central Europe  |c Juraj Mišún 
520 |a Operátor Cinema City International a jeho prienik na trhy krajín strednej Európy - Maďarsko, Česká republika, Slovensko, Poľsko, Bulharsko, Rumunsko. Situácia reťazca Cinema City na Slovensku. 
610 2 0 |a kultúra 
610 2 0 |a priemysel umelecký 
610 2 0 |a film 
610 2 0 |a stredná Európa 
100 1 |a Mišún, Juraj, 1978-